| 000 | 00489nam a2200145Ia 4500 | ||
|---|---|---|---|
| 008 | 140724s9999 xx 000 0 und d | ||
| 050 |
_aBF 432.5 _b.T629 2014 |
||
| 100 | _aTobias, Geo C. | ||
| 245 | 4 |
_aThe multiple intelligence profile of the first year BS Psychologyology students / _cGeo C. Tobias. |
|
| 260 |
_aLas PiƱas, Philippines : _bSouthville International School and Colleges, _cc2014. |
||
| 300 |
_a51 p. : _c28 cm. |
||
| 521 | _aPsychology | ||
| 942 | _cTH | ||
| 999 |
_c229301 _d229301 |
||